Detalles MARC
| 000 -LEADER |
| campo de control de longitud fija |
02021aam a2200313 a 4500 |
| 001 - NÚMERO DE CONTROL |
| campo de control |
001369574 |
| 003 - IDENTIFICADOR DE NÚMERO DE CONTROL |
| campo de control |
PE-LiUPU |
| 005 - FECHA Y HORA DE LA ÚLTIMA TRANSACCIÓN |
| campo de control |
20260202114516.0 |
| 007 - CAMPO FIJO DE DESCRIPCIÓN FÍSICA--INFORMACIÓN GENERAL |
| campo de control de longitud fija |
ta |
| 008 - DATOS DE LONGITUD FIJA--INFORMACIÓN GENERAL |
| campo de control de longitud fija |
260202b |||||||| |||| 00| 0 spa d |
| 020 ## - NÚMERO INTERNACIONAL ESTÁNDAR DEL LIBRO |
| Número Internacional Estándar del Libro |
9789877012095 |
| 040 ## - FUENTE DE CATALOGACIÓN |
| Centro catalogador/agencia de origen |
AR-BaBN |
| Lengua de catalogación |
spa |
| Centro/agencia transcriptor |
PE-LiUPU |
| Normas de descripción |
rda |
| Centro/agencia modificador |
PE-LiUPU |
| 041 1# - CÓDIGO DE IDIOMA |
| Código de lengua del texto/banda sonora o título independiente |
spa |
| Código de lengua original |
eng |
| 080 1# - NÚMERO DE LA CLASIFICACIÓN DECIMAL UNIVERSAL |
| Número de la Clasificación Decimal Universal |
279.14-725 |
| Identificador de la edición |
2004 |
| 082 ## - NÚMERO DE LA CLASIFICACIÓN DECIMAL DEWEY |
| Número de edición |
23 |
| Número de clasificación |
248.84 |
| Cutter |
W583l |
| 100 1# - ENTRADA PRINCIPAL--NOMBRE DE PERSONA |
| Nombre de persona |
White, Elena G. de, |
| Fechas asociadas al nombre |
1827-1915, |
| Término indicativo de función/relación |
autora. |
| 9 (RLIN) |
7772 |
| 245 10 - MENCIÓN DEL TÍTULO |
| Título |
La edad dorada : |
| Mención de responsabilidad, etc. |
compilación de los escritos de Elena G. de White / |
| 250 ## - MENCION DE EDICION |
| Mención de edición |
2a ed. |
| 264 ## - PRODUCCIÓN, PUBLICACIÓN, DISTRIBUCIÓN, FABRICACIÓN Y COPYRIGHT |
| Producción, publicación, distribución, fabricación y copyright |
Florida Oeste : |
| Nombre del de productor, editor, distribuidor, fabricante |
Asociación Casa Editora Sudamericana, |
| Fecha de producción, publicación, distribución, fabricación o copyright |
2014. |
| 300 ## - DESCRIPCIÓN FÍSICA |
| Extensión |
224 página ; |
| Dimensiones |
21 cm |
| 490 1# - MENCIÓN DE SERIE |
| Mención de serie |
Biblioteca del Hogar Cristiano |
| 500 ## - NOTA GENERAL |
| Nota general |
Título original: The retirement years. |
| 505 ## - NOTA DE CONTENIDO CON FORMATO |
| Nota de contenido con formato |
Los pioneros adventistas -- Utilidad de los obreros de edad madura -- Asociación de los jóvenes con los de edad madura -- Obligaciones de los hijos para con sus padres ancianos -- Cuidado de los ancianos -- Advertencias para los de edad madura -- Mayordomía mientras vivimos -- Importancia de los testamentos -- Segundas nupcias en la vejez -- Conservando las energías de la vida -- Fortaleza en la aflicción -- Seguridad y consuelo ara los que enfrentan la muerte -- La hora del duelo -- Lecciones de los personajes bíblicos -- Apéndice A: Textos bíblicos útiles para las personas de edad -- Apéndice B: Un resumen de las actividades de Elena de White después de sus 65 años de edad. |
| 520 1# - RESUMEN, ETC. |
| Sumario, etc. |
“Que esta colección de cartas, artículos y mensajes de la pluma de la fiel sierva de Dios sean una fuente práctica y preciosa de sabiduría y dirección para las personas que están en la tercera edad, como así también para quienes se acercan a la jubilación y desean comprender más plenamente la declaración de Cristo.” |
| Fuente proveedora |
(Descripción del editor). |
| 650 14 - PUNTO DE ACCESO ADICIONAL DE MATERIA--TÉRMINO DE MATERIA |
| Término de materia o nombre geográfico como elemento de entrada |
Adventistas del Séptimo Día |
| Subdivisión general |
Doctrinas |
| 650 14 - PUNTO DE ACCESO ADICIONAL DE MATERIA--TÉRMINO DE MATERIA |
| Término de materia o nombre geográfico como elemento de entrada |
Vida espiritual |
| 9 (RLIN) |
1182 |
| 830 #0 - PUNTO DE ACCESO ADICIONAL DE SERIE-TÍTULO UNIFORME |
| Título uniforme |
Biblioteca del Hogar Cristiano |
| 942 ## - ELEMENTOS DE ENTRADA SECUNDARIOS (KOHA) |
| Fuente del sistema de clasificación o colocación |
Clasificación Decimal Dewey |
| Tipo de ítem Koha |
Libros físicos |
| Suprimir en OPAC |
No |
| 980 ## - EQUIVALENCIA O REFERENCIA-CRUZADA-MENCIÓN DE SERIE--NOMBRE DE PERSONA/TÍTULO [LOCAL, CANADÁ] |
| ID del usuario creador del registro |
18226 |
| Nombre del creador del registro |
Jaime Vilcazán Jefe de Análisis Documental |
| ID del último usuario que modificó el registro |
18226 |
| Nombre del último usuario que modificó el registro |
Jaime Vilcazán Jefe de Análisis Documental |